| 000 | 00550nam a22001577a 4500 | ||
|---|---|---|---|
| 003 | OSt | ||
| 005 | 20151209155038.0 | ||
| 008 | 151209b xxu||||| |||| 00| 0 eng d | ||
| 040 | _cRUA | ||
| 082 | _aATM CHO 2012 B199 Or.199 | ||
| 100 |
_94611 _aCHOEM SOVANNARA; ជឹម សុវណ្ណារា. |
||
| 245 | _aTransformantion to waste fried oil; ការកែច្នៃសំណល់ប្រេងឆាជាម៉ាស៊ូតជីវៈ | ||
| 260 |
_aPhnom Penh _bRUA _c2012 |
||
| 300 |
_aix; 32p. _bill. _c29cm. |
||
| 942 |
_2ddc _cATM |
||
| 999 |
_c4296 _d4296 |
||